| 000 | 00934nam a22002537a 4500 | ||
|---|---|---|---|
| 005 | 20090709122231.0 | ||
| 008 | 090709t xxu||||| |||| 00| 0 eng d | ||
| 010 | _aENG-94361 | ||
| 020 |
_a9788131305614 _c995.00 |
||
| 035 | _aEN-77894 | ||
| 037 | _bDBAD / PUB | ||
| 040 |
_adpl _bEnglish |
||
| 082 | _a379.158 | ||
| 100 | _aRao, Digumarti Bhaskar | ||
| 245 |
_aQuality education / _cby Digumarti Bhaskar Rao |
||
| 260 |
_aNew Delhi _bAPH Publishing _c2009 |
||
| 270 |
_a4435-36/7, Ansari Road, Daryaganj, _bNew Delhi _e110002 |
||
| 300 |
_ax, 239p.: _c26cm(Hb) _bill. |
||
| 500 | _aIncludes index | ||
| 650 | _aEducation and state | ||
| 650 | _aTotal quality management in education | ||
| 942 |
_2ddc _cEN _mRAO _h379.158 |
||
| 999 |
_c28107 _d28107 |
||